[Event "SWE-chT 0809"]
[Site "Sweden"]
[Date "2009.01.17"]
[Round "6"]
[White "Penalver, Osmani"]
[Black "Eksmyr, Johan"]
[Result "0-1"]
[WhiteElo "2279"]
[BlackElo "2156"]
[PlyCount "108"]
[EventDate "2008.10.25"]
[EventType "team-tourn"]
[EventRounds "11"]
[EventCountry "SWE"]
[SourceTitle "EXT 2011"]
[Source "ChessBase"]
[SourceDate "2010.11.26"]
[SourceVersion "1"]
[SourceVersionDate "2010.11.26"]
[SourceQuality "1"]

1. d4 Nf6 2. c4 g6 3. Nc3 d5 4. Nf3 Bg7 5. Bg5 Ne4 6. cxd5 Nxg5 7. Nxg5 e6 8. Qd2 h6 9. Nh3 exd5 10. Qe3+ Kf8 11. Nf4 c6 12. Qf3 Qf6 13. 0-0-0 h5 14. Nh3 Bf5 15. Rd2 Bh6 16. e3 Nd7 17. Bd3 Bxd3 18. Rxd3 Kg7 19. Qxf6+ Nxf6 20. Kd2 a5 21. Ke2 Rhe8 22. Na4 Ne4 23. Rc1 Nd6 24. Nc5 a4 25. Kf3 g5 26. Ng1 g4+ 27. Ke2 Re7 28. Ra3 Nc4 29. Rac3 Nxb2 30. Kf1 Nc4 31. Ne2 b5 32. Ng3 Kg6 33. Nd3 Rb8 34. Ne2 Kf5 35. Ng3+ Kf6 36. Ne2 h4 37. Nef4 Bxf4 38. Nxf4 Kf5 39. Nd3 b4 40. R3c2 b3 41. axb3 axb3 42. Re2 b2 43. Nxb2 Rxb2 44. Rxb2 Nxb2 45. Rxc6 Nc4 46. Rc5 Ra7 47. Ke2 Ra2+ 48. Ke1 Ke4 49. Rb5 g3 50. hxg3 hxg3 51. fxg3 Nxe3 52. Rb7 f5 53. g4 Rxg2 54. gxf5 Kf3 0-1

[Event "SWE-chT 0809"]
[Site "Sweden"]
[Date "2008.10.25"]
[Round "1"]
[White "Bejtovic, Jasmin"]
[Black "Eksmyr, Johan"]
[Result "1-0"]
[WhiteElo "2337"]
[BlackElo "2156"]
[PlyCount "65"]
[EventDate "2008.10.25"]
[EventType "team-tourn"]
[EventRounds "11"]
[EventCountry "SWE"]
[SourceTitle "EXT 2011"]
[Source "ChessBase"]
[SourceDate "2010.11.26"]
[SourceVersion "1"]
[SourceVersionDate "2010.11.26"]
[SourceQuality "1"]

1. e4 c6 2. d4 d5 3. Nc3 dxe4 4. Nxe4 Nd7 5. Ng5 Ngf6 6. Bd3 e6 7. N1f3 h6 8. Nxe6 Qe7 9. 0-0 fxe6 10. Bg6+ Kd8 11. Bf4 Nd5 12. Bg3 Qb4 13. Re1 Be7 14. a3 Qxb2 15. c4 Nc3 16. Qd3 Rf8 17. Rac1 Ne2+ 18. Qxe2 Qxe2 19. Rxe2 Rf6 20. Bh5 Bxa3 21. Ra1 Bb4 22. d5 Nb6 23. dxc6 Nxc4 24. Rc1 b5 25. Nd4 Ba3 26. Rd1 Ke7 27. Nxb5 Rf5 28. Nxa3 Nxa3 29. Bf3 a5 30. Bd6+ Kf6 31. Bxa3 Ba6 32. Bb2+ Kf7 33. Rd7+ 1-0